Ricerche archeologiche a Sant'Andrea di Loppio (Trento, Italia) : l'area della chiesa /

This is the second volume presenting results of archaeological investigations on Isola di Sant'Andrea, located in the basin of Lake Loppio (Italy), with finds ranging from prehistory to the First World War. This volume considers the results of the archaeological research in the area of the chur...

وصف كامل

محفوظ في:

المؤلفون الرئيسيون: Maurina, Barbara (مؤلف), Postinger, Carlo Andrea (مؤلف), Anesi, Milena (مؤلف)

التنسيق: كتاب الكتروني

اللغة: Italian

منشور في: Oxford : Archaeopress Archaeology, 2020.

الموضوعات:

الوصول للمادة أونلاين: Login to view Source

الوسوم: إضافة وسم

لا توجد وسوم, كن أول من يضع وسما على هذه التسجيلة!

رقم الطلب: DG975

LEADER 02218nam a2200457 i 4500
001 EDZ0002330345
003 StDuBDS
005 20230412182743.0
006 m|||||o||d||||||||
007 cr |||||||||||
008 200907s2020 enkab fob 000|0|ita|d
020 |a 9781789695373 (ebook) :  |c No price 
040 |a StDuBDS  |b eng  |c StDuBDS  |e rda  |e pn 
041 0 |a ita  |b eng 
050 4 |a DG975 
082 0 4 |a 945.385  |2 23 
100 1 |a Maurina, Barbara,  |e author. 
245 1 0 |a Ricerche archeologiche a Sant'Andrea di Loppio (Trento, Italia) :  |b l'area della chiesa /  |c Barbara Maurina, Carlo Andrea Postinger ; con contributi di Milena Anesi [and fifteen others]. 
264 1 |a Oxford :  |b Archaeopress Archaeology,  |c 2020. 
300 |a 1 online resource (316 pages) :  |b illustrations (black and white), maps (colour) 
336 |a text  |2 rdacontent 
336 |a still image  |2 rdacontent 
336 |a cartographic image  |2 rdacontent 
337 |a computer  |2 rdamedia 
338 |a online resource  |2 rdacarrier 
500 |a Also issued in print: 2020. 
504 |a Includes bibliographical references. 
520 8 |a This is the second volume presenting results of archaeological investigations on Isola di Sant'Andrea, located in the basin of Lake Loppio (Italy), with finds ranging from prehistory to the First World War. This volume considers the results of the archaeological research in the area of the church of St. Andrew (Sectors C and C1). 
521 |a Specialized. 
588 |a Description based on online resource; title from PDF title page (viewed on September 28, 2020). 
546 |a Texts in Italian with English summaries. 
651 0 |a Sant'Andrea Island (Italy)  |x History. 
650 0 |a Excavations (Archaeology)  |z Italy  |z Sant'Andrea Island. 
650 0 |a Archaeology, Medieval  |z Italy  |z Sant'Andrea Island. 
700 1 |a Postinger, Carlo Andrea,  |e author. 
700 1 |a Anesi, Milena,  |e author. 
776 0 8 |i Print version :  |z 9781789695366 
856 4 0 |3 Archaeopress  |u http://library.arce.org:8087/Archaeopress/Products/9781789695366 
942 |2 lcc  |c EBOOK 
952 |0 0  |1 0  |4 0  |6 DG0975  |7 1  |9 46672  |a ARCH  |b ARCH  |d 2023-04-12  |l 0  |o DG975  |r 2023-04-12 00:00:00  |w 2023-04-12  |y EBOOK 
999 |c 52330  |d 52330